000 nam a22 a 4500
999 _c433
_d433
005 20170503162358.0
008 170503b1995 MY ||||| |||| 00| 0 eng d
020 _a9839900218
040 _aAKMAL
082 _a110 BIR
090 _a110
_bBIR
100 _aBiruni , Muhammad ibn Ahmad
_91006
245 _aAl-as'ilah wa'l-ajwibah = (Questions and answers) :
_bincluding the further answers of Al-Biruni and Al-Ma'sumi's defense of Ibn Sina / Al-Biruni and Ibn Sina
260 _aKUALA LUMPUR
_bInternational Institute of Islamic Thought and Civilization (ISTAC),
_c1995
300 _aviii, [102]. ;
_c22 cm
942 _2ddc
_cBOOK